000 00666nam a2200241Ia 4500
003 OSt
005 20220918203425.0
006 a|||||r|||| 00| 0
007 ta
008 220917b |||||||| |||| 00| 0 eng d
024 _a108,197
037 _cTextual
040 _aARTS
_cARTS
_beng
041 _2eng
_aeng
082 _aV4498-596.K87-K58, M8
100 _aSinnappah Arasaratnam
_9108507
245 0 _aDutch power in Ceylon 1658-1687
260 _aNew Delhi
_bNavrang
_c1988
300 _axxii, 256p.
_ccm.
650 _aHISTORY
942 _hV4498-596.K87-K58, M8
_cTEXL
_2CC
999 _c231551
_d231551